Statistics for History Generator Puzzle #6

Click here to take the quiz!

General Stats

  • This quiz has been taken 12,351 times
  • The average score is 11 of 21

Answer Stats

Hint Answer % Correct
Witch trials localeSalem
90%
Romulus's brotherRemus
86%
Early sci-fi writer VerneJules
82%
King who followed ElizabethJames
72%
Rank of Sandwich and GreyEarl
70%
Fidel Castro's brotherRaul
59%
Tree decimated by a
"Dutch" disease
Elm
57%
Irish playwright BeckettSamuel
55%
9-letter PlaceJerusalem
53%
India from 1858-1947:
The British ___
Raj
51%
Jester's job: to _____ the kingAmuse
50%
Diego Rivera painted manyMurals
47%
First king of IsraelSaul
47%
Invention that enabled CD playersLaser
43%
Forty acres and a ____Mule
40%
City where MLK marched in 1965Selma
40%
Given as a ration to British
sailors until 1970
Rum
39%
One of 9 who inspired ApolloMuse
37%
Nomadic conqueror: Timur the ____Lame
17%
This blessed plot, this earth,
this _____, this England
Realm
15%
Greatest mathematician ever?Euler
12%

Score Distribution

Percentile by Number Answered

Percent of People with Each Score

Your Score History

You have not taken this quiz